All nba best players at each position 2024-25 - Statistics

General Stats
  • This quiz has been taken 137 times
  • The average score is 11 of 15
Answer Stats
Hint Answer % Correct
SF LeBron James
95%
PG Luka Doncic
91%
PG Shai Gilgeous - Alexander
90%
C Nikola Jokic
89%
SF Jayson Tatum
82%
SG Anthony Edwards
78%
C Anthony Davis
75%
PF Giannis Antetounmpo
75%
SF Kevin Durant
73%
SG Jaylen Brown
69%
SG Devin Booker
61%
PF Karl - Anthony Towns
57%
PG De'Aron Fox
44%
C Domantas Sabonis
43%
PF Paolo Banchero
31%
No matching quizzes found
Score Distribution
Percent of People with Each Score
Percentile by Number Answered
Your Score History
You have not taken this quiz